Normal view
MARC view
- Pacht, H.Lauter
Entry Personal Name
001 - CONTROL NUMBER
- control field: 4029
003 - CONTROL NUMBER IDENTIFIER
- control field: OSt
005 - DATE AND TIME OF LATEST TRANSACTION
- control field: 20210308152604.0
008 - FIXED-LENGTH DATA ELEMENTS
- fixed length control field: 210308|| aca||aabn | a|a d
040 ## - CATALOGING SOURCE
- Original cataloging agency: OSt
- Transcribing agency: OSt
100 ## - HEADING--PERSONAL NAME
- Personal name: Pacht, H.Lauter
670 ## - SOURCE DATA FOUND
- Source citation: Work cat.: (OSt)3685: Pacht, H.Lauter, International Law and Human Rights , c1984
